000 00189 a2200097 4500
020 _a9780061161551
041 _aspa
100 _aAllende isabel
245 _aInes del alma mia
942 _cBK
999 _c10670
_d10670